000 00311nam a2200121Ia 4500
008 190216s9999||||xx |||||||||||||| ||und||
100 _aKishan Hari
245 2 _aA Text Book Of Vector Algebra And Calculus
260 _bHimalaya Publishing House
_c1988
300 _a448p
650 _aMathematics
942 _cBK
999 _c30944
_d30944